Normal view
MARC view
- Sullivan, William G., Elin M Wicks, C. Patrick Koelling
Entry Personal Name
001 - CONTROL NUMBER
- control field: 6332
003 - CONTROL NUMBER IDENTIFIER
- control field: JO-AjAnu
005 - DATE AND TIME OF LATEST TRANSACTION
- control field: 20230606071327.0
008 - FIXED-LENGTH DATA ELEMENTS
- fixed length control field: 230606|| aca||aabn | a|a d
040 ## - CATALOGING SOURCE
- Original cataloging agency: JO-AjAnu
- Transcribing agency: JO-AjAnu
100 ## - HEADING--PERSONAL NAME
- Personal name: Sullivan, William G., Elin M Wicks, C. Patrick Koelling
670 ## - SOURCE DATA FOUND
- Source citation: Work cat.: (JO-AjAnu)3280: Sullivan, William G., Elin M Wicks, C. Patrick Koelling, author, Engineering Economy